El cine: cara y ceca

Gespeichert in:
Bibliographische Detailangaben
1. Verfasser: Feldman, Simón (VerfasserIn)
Format: Buch
Sprache:Spanisch
Veröffentlicht: Buenos Aires De la Flor 1984
Schlagworte:
Tags: Tag hinzufügen
Keine Tags, Fügen Sie den ersten Tag hinzu!

MARC

LEADER 00000nam a2200000 a 4500
001 UCO5009
003 CL-VaPUC
008 000825e19840000AG |||||||||||||||||spa|d
082 0 4 |a 791.43  |b FEL  |2 21 
100 |a Feldman, Simón  |e author  |9 534349 
245 1 3 |a El cine: cara y ceca 
300 |a 133 p 
942 |c BK 
945 |d 20000825 00:00:00  |a crobeson 
260 |a Buenos Aires  |b De la Flor  |c 1984 
650 0 |a Cine  |9 225706 
650 0 |a Cinematografía  |9 265198 
650 0 |a Artes escénicas  |9 318853 
650 0 |a Medios de comunicación de masas  |9 257273 
650 0 |a Industria cinematográfica  |9 266081 
583 |a last modification  |c 20000825 00:00:00  |k Rodrigo Vera 
999 |c 290966  |d 290964 
952 |0 0  |1 0  |4 0  |6 791_430000000000000_FEL_1984  |7 0  |8 R  |9 340598  |a BIBART  |b BIBART  |d 2019-11-20  |i 1217941  |o 791.43 FEL 1984  |p 1217941  |r 2025-03-13  |w 2019-11-20  |y BK_R  |k ART